Catálogo
 En Linea

El monasterio de San Benito de Bahía / (Registro nro. 37133)

Detalles MARC
000 -CABECERA
campo de control de longitud fija 00637nam a2200181 a 4500
001 - NÚMERO DE CONTROL
campo de control 000037643
005 - FECHA Y HORA DE LA ÚLTIMA TRANSACCIÓN
campo de control 20201002031109.0
008 - DATOS DE LONGITUD FIJA--INFORMACIÓN GENERAL
campo de control de longitud fija 121023s2012 bl ac 000 0 spa d
040 ## - FUENTE DE LA CATALOGACIÓN
Centro catalogador/agencia de origen DO-SdBNP
Lengua de catalogación spa
Centro/agencia transcriptor BNPHU
245 03 - MENCIÓN DE TÍTULO
Título El monasterio de San Benito de Bahía /
Mención de responsabilidad, etc. Don Gregóro Paixão ; fotografía Almir Bindilatti.
260 ## - PUBLICACIÓN, DISTRIBUCIÓN, ETC.
Lugar de publicación, distribución, etc. [San Benito de Bahía] :
Nombre del editor, distribuidor, etc. ODEBRECHT,
Fecha de publicación, distribución, etc. 2012.
300 ## - DESCRIPCIÓN FÍSICA
Extensión 401 p. :
Otras características físicas il., retrs. ;
Dimensiones 32 cm.
500 ## - NOTA GENERAL
Nota general Texto a dos columnas
504 ## - NOTA DE BIBLIOGRAFÍA, ETC.
Nota de bibliografía, etc. Bibliografía : p. 383-394
586 ## - NOTA DE PREMIOS
Nota de premios Premio ODEBRECHT de investigación histórica
700 1# - PUNTO DE ACCESO ADICIONAL--NOMBRE DE PERSONA
Nombre de persona Paixão Gregóro
9 (RLIN) 64116
700 1# - PUNTO DE ACCESO ADICIONAL--NOMBRE DE PERSONA
Nombre de persona Bindilatti, Almir
9 (RLIN) 64117
Existencias
Estado de retiro Estado de pérdida Restricciones de uso No para préstamo Código de colección Localización permanente Ubicación/localización actual Ubicación en estantería Fecha de adquisición Número de inventario Total de préstamos Signatura topográfica completa Código de barras Fecha visto por última vez Precio válido a partir de Tipo de ítem Koha Número de copia
      Excluido de préstamo Monografías: Libros y Folletos General General En catalogación 23.10.2012 LF1   37643-10 25.06.2020 25.06.2020 No se presta  
      Excluido de préstamo Monografías: Libros y Folletos General General En catalogación 23.10.2012 LF1   37643-20 25.06.2020 25.06.2020 No se presta e. 2

Con tecnología Koha